Procurement principles and management (Record no. 18217)
[ view plain ]
| 000 -LEADER | |
|---|---|
| fixed length control field | 00668nam a2200241Ia 4500 |
| 008 - FIXED-LENGTH DATA ELEMENTS--GENERAL INFORMATION | |
| fixed length control field | 220501s2018 xx 000 0 eng d |
| 020 ## - INTERNATIONAL STANDARD BOOK NUMBER | |
| International Standard Book Number | 9789352868322 |
| 082 ## - DEWEY DECIMAL CLASSIFICATION NUMBER | |
| Classification number | 658.72 BAI-P |
| 100 ## - MAIN ENTRY--PERSONAL NAME | |
| Personal name | Baily, Peter |
| 245 #0 - TITLE STATEMENT | |
| Title | Procurement principles and management |
| Statement of responsibility, etc | Peter Baily....[et al.] |
| 250 ## - EDITION STATEMENT | |
| Edition statement | 11th |
| 260 ## - PUBLICATION, DISTRIBUTION, ETC. (IMPRINT) | |
| Place of publication, distribution, etc | Noida |
| Name of publisher, distributor, etc | Pearson |
| Date of publication, distribution, etc | 2018 |
| 300 ## - PHYSICAL DESCRIPTION | |
| Extent / Pages | xvi, 594p. |
| 650 ## - SUBJECT ADDED ENTRY--TOPICAL TERM | |
| Topical term or geographic name as entry element | Industrial procurement - Management |
| 650 ## - SUBJECT ADDED ENTRY--TOPICAL TERM | |
| Topical term or geographic name as entry element | Procurement - Management |
| 650 ## - SUBJECT ADDED ENTRY--TOPICAL TERM | |
| Topical term or geographic name as entry element | Purchasing |
| 650 ## - SUBJECT ADDED ENTRY--TOPICAL TERM | |
| Topical term or geographic name as entry element | Purchasing - Management |
| 700 ## - ADDED ENTRY--PERSONAL NAME | |
| Personal name | Crocker, Barry |
| 700 ## - ADDED ENTRY--PERSONAL NAME | |
| Personal name | Farmer, David |
| 700 ## - ADDED ENTRY--PERSONAL NAME | |
| Personal name | Jessop, David |
| 700 ## - ADDED ENTRY--PERSONAL NAME | |
| Personal name | Jones, David |
| 942 ## - ADDED ENTRY ELEMENTS (KOHA) | |
| Source of classification or shelving scheme | |
| Koha item type | Reference Books |
| 942 ## - ADDED ENTRY ELEMENTS (KOHA) | |
| -- | 1 |
| Withdrawn status | Lost status | Source of classification or shelving scheme | Damaged status | Not for loan | Home library | Current library | Date acquired | Source of acquisition | Full call number | Barcode | Date last seen | Copy number | Bill Date | Koha item type | Bill Number | Total Checkouts | Date last borrowed |
|---|---|---|---|---|---|---|---|---|---|---|---|---|---|---|---|---|---|
| SOBD Library | SOBD Library | 26/05/2022 | Vedi Books | 658.72 BAI-P1 | 001577 | 01/07/2022 | 1 | 14/04/2022 | Reference Books | VEDI/22-23/04/11 | |||||||
| SOBD Library | SOBD Library | 26/05/2022 | Vedi Books | 658.72 BAI-P2 | 001578 | 03/11/2025 | 2 | 14/04/2022 | Books | VEDI/22-23/04/11 | 1 | 23/10/2025 |